000 00895nam a22002177a 4500
999 _c13769
_d13769
003 AR-CdUCM
008 190416b ||||| |||| 00| 0 spa d
040 _aMUNICIPALIDAD PROVINCIAL DEL CUSCO
_cBIBLIOTECA MUNICIPAL DEL CUSCO
082 _a030 /
_bEN56
110 _aEspasa - Calpe
_918256
245 _aEnciclopedia Universal Ilustrada :
_bEuropeo - Americana (suplemento anual 1940-1941) /
260 _aMadrid :
_bEspasa-Calpe,
_c1958.
300 _a1473 páginas ;
_bilustraciones, mapas, láminas, tablas,
_c25 cm.
505 _aContenido: Agricultura y sus anexos -- Artes gráficas -- Astronomía -- Bacteriología -- Bellas Artes -- Biografía y necrología ...
650 _aEnciclopedia Universal
_918257
700 _aAlarcia
_932312
700 _aArenas, Alcobé
_932313
700 _aLuna, Alfonso ... (colaboradores)
_932314
942 _2ddc
_cLIBROS
945 _aachl
_d2019-04-16